[Event "Let's Play Chess!"]
[Site "http://www.queenalice.com/game.php?id=679611"]
[Date "2009.11.8"]
[Round "-"]
[White "pimprenelle"]
[Black "spawnwolfwolverine"]
[Result "1-0"]
[WhiteElo "1980"]
[BlackElo "1497"]

1. d4 d5 2. Bf4 e6 3. e3 Nf6 4. Nd2 Be7 5. Bd3 O-O 6. h3 Nc6 7. Ngf3 Bd7 8. e4
dxe4 9. Nxe4 Nxe4 10. Bxe4 Bf6 11. h4 a6 12. c3 b6 13. Bxh7+ Kxh7 14. Ng5+ Bxg5
15. hxg5+ Kg8 16. Qh5 f5 17. g6 Rf6 18. Qh8# 1-0

[Event "Oscar"]
[Site "http://www.queenalice.com/game.php?id=679897"]
[Date "2009.11.8"]
[Round "-"]
[White "chapichapo"]
[Black "pimprenelle"]
[Result "0-1"]
[WhiteElo "1843"]
[BlackElo "1988"]

1. e4 c5 2. Bc4 Nc6 3. Qf3 Ne5 4. Qb3 Nxc4 5. Qxc4 d6 6. Nf3 e6 7. d3 Be7 8. e5
d5 9. Qb3 b6 10. c3 Nh6 11. Bxh6 gxh6 12. Nbd2 O-O 13. c4 d4 14. Ne4 Bb7 15. h4
Kh8 16. g4 f6 17. g5 fxg5 18. Nf6 Bxf3 19. hxg5 Bxh1 20. gxh6 Bxf6 21. exf6 Bf3
22. Kd2 Qxf6 0-1

[Event "Challenge"]
[Site "http://www.queenalice.com/game.php?id=685887"]
[Date "2009.11.20"]
[Round "-"]
[White "pimprenelle"]
[Black "RMadrigal"]
[Result "1-0"]
[WhiteElo "2041"]
[BlackElo "1978"]

1. d4 d5 2. Bf4 Nf6 3. e3 Bf5 4. Nd2 e6 5. c3 Nbd7 6. h3 Be7 7. Ngf3 O-O 8. Ne5
Nxe5 9. dxe5 Nd7 10. Nf3 c5 11. Bd3 Bxd3 12. Qxd3 c4 13. Qc2 Nc5 14. O-O h6 15.
b4 Nd3 16. Ne1 Nxf4 17. exf4 a5 18. b5 a4 19. Nf3 Qa5 20. Rab1 Bc5 21. Rfd1 Rfd8
22. Nd4 Re8 23. b6 Bxb6 24. Rb5 Qa7 25. f5 Bc7 26. Qe2 a3 27. Rdb1 Rab8 28. f6
g6 29. Nf3 Ba5 30. Qd2 Kh7 31. Nh2 h5 32. Nf3 Bc7 33. Ng5+ Kg8 34. Nxf7 Rf8 35.
Qh6 Rxf7 36. Qxg6+ Kf8 37. Qxh5 Ke8 38. Rxd5 exd5 39. e6 Bh2+ 40. Kxh2 b6 41.
exf7+ Kf8 42. Qh8+ Kxf7 43. Qg7+ 1-0

[Event "Zezette"]
[Site "http://www.queenalice.com/game.php?id=691166"]
[Date "2009.12.1"]
[Round "-"]
[White "pimprenelle"]
[Black "chapichapo"]
[Result "1-0"]
[WhiteElo "2062"]
[BlackElo "1858"]

1. d4 Nf6 2. Bg5 b6 3. Bxf6 exf6 4. e3 a5 5. Qf3 Ra7 6. Nc3 Bb4 7. Ne2 Bb7 8.
Qg3 O-O 9. O-O-O d6 10. a3 Bxc3 11. Nxc3 Nd7 12. Bd3 c5 13. Nb5 Qa8 14. Nxa7
Qxa7 15. Qxd6 Ba8 16. Bf5 Nb8 17. Bxh7+ Kxh7 18. Qxf8 Bd5 19. dxc5 Be6 20. Rd8
Nc6 21. Qh8+ Kg6 22. Rg8 Kf5 23. Rd1 bxc5 24. Qh7+ Ke5 25. f4# 1-0

[Event "Challenge"]
[Site "http://www.queenalice.com/game.php?id=691615"]
[Date "2009.12.2"]
[Round "-"]
[White "chapichapo"]
[Black "pimprenelle"]
[Result "0-1"]
[WhiteElo "1850"]
[BlackElo "2054"]

1. e4 d5 2. exd5 Qxd5 3. Qf3 Nf6 4. Nc3 Qa5 5. Bb5+ c6 6. Bd3 Bg4 7. Qg3 Nbd7 8.
a3 e6 9. Ne4 O-O-O 10. b4 Bxb4 11. axb4 Qxa1 12. Ne2 Ne5 13. O-O Nxd3 14. Nd6+
Rxd6 15. Qxd6 Bxe2 16. cxd3 Bxf1 17. Kxf1 Qxc1+ 18. Ke2 Rd8 0-1

[Event "Dans la dentelle"]
[Site "http://www.queenalice.com/game.php?id=693586"]
[Date "2009.12.5"]
[Round "-"]
[White "pimprenelle"]
[Black "Freepawn"]
[Result "1-0"]
[WhiteElo "2074"]
[BlackElo "1919"]

1. d4 d5 2. Bf4 Nf6 3. e3 e6 4. Nd2 Bd6 5. Bg3 O-O 6. Bd3 b6 7. Qe2 Bb7 8. c3
Nbd7 9. Bxd6 cxd6 10. Nh3 e5 11. O-O e4 12. Bb5 a6 13. Ba4 b5 14. Bb3 Rc8 15. f3
Nb6 16. fxe4 dxe4 17. Rf5 d5 18. Nf4 g6 19. Rg5 h6 20. Rg3 Kh7 21. Rf1 Qd6 22.
Qf2 Bc6 23. Bd1 b4 24. Nb1 Bb5 25. Be2 Bxe2 26. Qxe2 a5 27. Qf2 Nc4 28. b3 Nb6
29. Qb2 Rc7 30. Ne2 Rfc8 31. a3 Kg7 32. axb4 axb4 33. Qd2 bxc3 34. Nbxc3 Qb4 35.
Rxf6 1-0

[Event "Mamadounéné"]
[Site "http://www.queenalice.com/game.php?id=695830"]
[Date "2009.12.10"]
[Round "-"]
[White "pimprenelle"]
[Black "chapichapo"]
[Result "1-0"]
[WhiteElo "2070"]
[BlackElo "1779"]

1. d4 Nf6 2. Bf4 g6 3. e3 Bg7 4. Nf3 O-O 5. Be2 c6 6. c4 Qb6 7. Qb3 Qxb3 8. axb3
c5 9. Bxb8 Rxb8 10. Rxa7 cxd4 11. Nxd4 Ne4 12. O-O b5 13. Nxb5 Bxb2 14. Rd1 e5
15. Ra2 Bc1 16. Rxc1 Ba6 17. Rxa6 Rfc8 18. Rd1 d6 19. f3 Nc5 20. Ra3 1-0

[Event "Challenge"]
[Site "http://www.queenalice.com/game.php?id=701905"]
[Date "2009.12.22"]
[Round "-"]
[White "pimprenelle"]
[Black "KLEOJ"]
[Result "1-0"]
[WhiteElo "2084"]
[BlackElo "2114"]

1. d4 d5 2. Bf4 Nc6 3. e3 Nf6 4. Nf3 Bg4 5. Be2 e6 6. O-O Bd6 7. Ne5 Bxe2 8.
Qxe2 O-O 9. c4 Bxe5 10. dxe5 Nd7 11. cxd5 exd5 12. Rd1 Ndxe5 13. Nc3 Ng6 14.
Nxd5 Nxf4 15. Nxf4 Qg5 16. Rd5 Qf6 17. Rad1 Rfe8 18. Qb5 Rad8 19. Qxb7 Rb8 20.
Qxc7 Nb4 21. Rd6 Qxb2 22. Qxb8 1-0

[Event "Challenge"]
[Site "http://www.queenalice.com/game.php?id=711604"]
[Date "2010.1.10"]
[Round "-"]
[White "castel1341"]
[Black "pimprenelle"]
[Result "0-1"]
[WhiteElo "2057"]
[BlackElo "2130"]

1. d4 d5 2. Nf3 Nc6 3. Nc3 Bf5 4. e3 e6 5. Bd3 Bg4 6. h3 Bh5 7. g4 Bg6 8. h4 Nf6
9. Ne5 Nxe5 10. dxe5 Nd7 11. f4 Bxd3 12. Qxd3 Be7 13. g5 Nc5 14. Qe2 h6 15. Qf3
Qd7 16. Bd2 Qc6 17. Rh3 O-O-O 18. O-O-O Ne4 19. Qf1 Nxd2 20. Rxd2 Bb4 21. Rd3
Qa6 22. Qg2 c5 23. a3 c4 24. Rd1 Bxc3 25. bxc3 Qxa3+ 26. Kd2 Kb8 27. Rhh1 Qe7
28. Ra1 hxg5 29. fxg5 Qc7 30. Qh2 Rh5 31. Qf4 Rdh8 32. Raf1 Rf8 33. Qg4 Rhh8 34.
g6 Qe7 35. gxf7 Rxf7 36. h5 Qf8 37. Qg2 Rxh5 38. Rxf7 Qxf7 39. Rxh5 Qxh5 40.
Qxg7 Qe8 41. Kc1 a5 42. Kb2 Qb5+ 43. Ka3 Qb1 44. Qf8+ Ka7 45. Qc5+ Ka6 46. Qd6+
b6 47. Ka4 Qxc2+ 48. Ka3 Qb3# 0-1

[Event "Challenge"]
[Site "http://www.queenalice.com/game.php?id=725318"]
[Date "2010.2.3"]
[Round "-"]
[White "pimprenelle"]
[Black "KLEOJ"]
[Result "1-0"]
[WhiteElo "2100"]
[BlackElo "2153"]

1. d4 d5 2. Bf4 Nc6 3. e3 Bf5 4. c4 e6 5. Nc3 Bd6 6. Bg3 Nf6 7. Bh4 Be7 8. Nf3
O-O 9. Bxf6 Bxf6 10. cxd5 exd5 11. Bd3 Bg4 12. O-O g6 13. Qb3 Bxf3 14. gxf3 Ne7
15. Qxb7 Rb8 16. Qxa7 Rxb2 17. Rab1 Rd2 18. Rfd1 Rxd1+ 19. Nxd1 Qd7 20. Rc1 Nf5
21. Qxc7 Qa4 22. Nc3 Qa3 23. Nxd5 Bd8 24. Qc2 Nh4 25. f4 Nf3+ 26. Kh1 Nh4 27. f5
Qa8 28. Be4 gxf5 29. Nf6+ Bxf6 30. Bxa8 Rxa8 31. Qc6 1-0

[Event "Challenge"]
[Site "http://www.queenalice.com/game.php?id=730367"]
[Date "2010.2.11"]
[Round "-"]
[White "atalan"]
[Black "pimprenelle"]
[Result "1/2-1/2"]
[WhiteElo "2052"]
[BlackElo "2101"]

1. e4 c5 2. d4 cxd4 3. c3 Nc6 4. Nf3 dxc3 5. Nxc3 d6 6. Bc4 e6 7. O-O Nf6 8. Qe2
Be7 9. Rd1 Qc7 10. Bf4 a6 11. Rac1 O-O 12. h3 Re8 13. Bb3 Nh5 14. Bh2 Nf6 15.
Bf4 Nh5 16. Be3 Nf6 17. Bf4 Nh5 1/2-1/2

[Event "Challenge"]
[Site "http://www.queenalice.com/game.php?id=739673"]
[Date "2010.3.2"]
[Round "-"]
[White "pimprenelle"]
[Black "fac"]
[Result "1-0"]
[WhiteElo "2115"]
[BlackElo "2223"]

1. d4 Nf6 2. Bg5 Ne4 3. Bf4 d5 4. Nd2 Bf5 5. e3 Nd7 6. Nxe4 Bxe4 7. Nf3 e6 8.
Nd2 Bg6 9. c4 c6 10. a3 Be7 11. Qb3 Qb6 12. Be2 O-O 13. O-O Qxb3 14. Nxb3 Rac8
15. cxd5 cxd5 16. Rac1 Bc2 17. Na5 b6 18. Nb7 Nf6 19. Nd6 Bxd6 20. Bxd6 Rfd8 21.
Ba6 Rc6 22. Be7 Rb8 23. Bb5 Rcc8 24. Bd6 Ra8 25. Ba6 Rc6 26. Bb7 Rac8 27. Bg3
R6c7 28. Bxc8 Rxc8 29. f3 Rc4 30. Rf2 Bb3 31. Rxc4 dxc4 32. e4 h6 33. Be5 Nd7
34. Bd6 g5 35. Rd2 f6 36. g4 Kf7 37. Kf2 Ba2 38. Ke3 Bb1 39. h4 b5 40. hxg5 hxg5
41. Rh2 Kg7 42. Kd2 Ba2 43. Kc3 Bb3 44. Kb4 Bd1 45. Rf2 Ba4 46. Ka5 Nb6 47. Ka6
Kg6 48. Bb4 Nd7 49. Kxa7 Kf7 50. Rh2 Kg7 51. Kb7 Bd1 52. Rf2 Ba4 53. Kc7 Nf8 54.
d5 Ng6 55. dxe6 Bb3 56. Kd6 Bd1 57. Bc3 Ba4 58. f4 Nxf4 59. Rxf4 gxf4 60. g5 b4
61. gxf6+ Kf8 62. Bxb4 Be8 63. Kc7+ Kg8 64. Kd8 Bh5 65. Ke7 Kh7 66. f7 Kg6 67.
f8=Q Bg4 68. Qxf4 1-0

[Event "Challenge"]
[Site "http://www.queenalice.com/game.php?id=747121"]
[Date "2010.3.16"]
[Round "-"]
[White "pimprenelle"]
[Black "Martial"]
[Result "1-0"]
[WhiteElo "2114"]
[BlackElo "1546"]

1. d4 d5 2. Bf4 Nc6 3. e3 Nf6 4. Nd2 Bf5 5. Bd3 Bxd3 6. cxd3 e6 7. Rc1 Nb4 8.
Ndf3 Nxa2 9. Qa4+ Qd7 10. Qxa2 c6 11. Ne2 Bb4+ 12. Nc3 c5 13. Ne5 Qb5 14. O-O c4
15. Nxb5 cxd3 16. Nc7+ Ke7 17. Nxa8 Rxa8 18. Rc7+ Kd6 19. Nxf7# 1-0

[Event "Challenge"]
[Site "http://www.queenalice.com/game.php?id=756700"]
[Date "2010.4.5"]
[Round "-"]
[White "waldi"]
[Black "pimprenelle"]
[Result "0-1"]
[WhiteElo "1846"]
[BlackElo "2147"]

1. d4 d5 2. c4 Nc6 3. Nc3 dxc4 4. d5 Ne5 5. f4 Ng6 6. e4 e6 7. Bxc4 Nf6 8. e5
Nxd5 9. Nxd5 exd5 10. Bxd5 Bb4+ 11. Kf1 Qd7 12. Qb3 O-O 13. Bxf7+ Rxf7 14. Qxb4
Qd3+ 15. Kf2 Nxe5 16. h3 Qg6 17. Qd4 Nd3+ 18. Ke2 Qxg2+ 19. Kxd3 Rd7 20. Qxd7
Bxd7 21. Be3 Bf5+ 22. Kc3 Qc2+ 0-1

[Event "Challenge"]
[Site "http://www.queenalice.com/game.php?id=763745"]
[Date "2010.4.20"]
[Round "-"]
[White "antoniotupan"]
[Black "pimprenelle"]
[Result "1/2-1/2"]
[WhiteElo "2093"]
[BlackElo "2140"]

1. d4 d5 2. Nc3 Nc6 3. Nf3 Bg4 4. Bf4 e6 5. e3 Bd6 6. h3 Bh5 7. Bxd6 cxd6 8. Be2
Nf6 9. O-O Qb6 10. b3 O-O 11. Na4 Qa5 12. Qe1 Qc7 13. c4 dxc4 14. bxc4 Rac8 15.
Nc3 Qd8 16. Rb1 b6 17. Rc1 e5 18. dxe5 dxe5 19. Rd1 Qe7 20. Nd5 Nxd5 21. cxd5
Bxf3 22. Bxf3 e4 23. Bxe4 Qxe4 24. dxc6 Rxc6 25. Rd4 Qc2 26. Rd2 Qe4 27. Qb1
Qxb1 28. Rxb1 Rfc8 29. Kh2 Kf8 30. Rbd1 R8c7 31. g4 Ke7 32. e4 b5 33. Kg3 Rc5
34. f3 Rc1 35. Rxc1 Rxc1 36. Rd3 a6 37. Ra3 Rc6 38. h4 Ke6 39. f4 f6 40. Kf3 g6
41. Ke3 h5 42. Kf3 Kf7 43. g5 f5 44. e5 Ke7 45. Ke3 Ke6 46. Kd4 1/2-1/2

[Event "Challenge"]
[Site "http://www.queenalice.com/game.php?id=765295"]
[Date "2010.4.23"]
[Round "-"]
[White "pimprenelle"]
[Black "Rudolf"]
[Result "1/2-1/2"]
[WhiteElo "2139"]
[BlackElo "2317"]

1. d4 Nf6 2. Bg5 Ne4 3. Bf4 c5 4. f3 Qa5+ 5. c3 Nf6 6. Nd2 cxd4 7. Nc4 Qd8 8.
cxd4 e6 9. Nd6+ Bxd6 10. Bxd6 Qb6 11. Rc1 Nc6 12. e4 Qxd4 13. Qxd4 Nxd4 14. Bd3
Kd8 15. e5 Ne8 16. Bc5 Nc6 17. f4 h6 18. Ba3 b6 19. Nf3 a5 20. Kf2 Bb7 21. Rhd1
Nb4 22. Bb1 Nc7 23. Nd2 Bd5 24. b3 Rc8 25. Bb2 Ke7 26. Nc4 Bxc4 27. bxc4 Nca6
28. g4 Nc5 29. Ke3 Rc7 30. a3 Nc6 31. Bc2 a4 32. Bc3 g5 33. h4 Na5 34. Bxa5 bxa5
35. Rb1 Nb3 36. Bd3 gxf4+ 37. Kxf4 Rg8 38. Be2 f6 39. exf6+ Kxf6 40. Kg3 Ke7 41.
Rb2 Rc5 42. Bd3 Rgc8 43. Re2 Rb8 44. Rb1 Rcc8 45. Re3 Nc5 46. Rxb8 Rxb8 47. Bh7
d6 48. g5 hxg5 49. hxg5 Rb3 50. Kf3 e5 51. Bf5 Kf7 52. Kf2 Kg7 53. Kf3 Kf8 54.
Kf2 Kf7 55. Kf3 Kg7 56. Kf2 Rb2+ 57. Re2 Rb8 58. Kg3 Rh8 59. Rd2 Rd8 60. Rh2 Rh8
61. Rd2 Rd8 62. Rh2 Rh8 63. Rd2 Rd8 1/2-1/2

[Event "Challenge"]
[Site "http://www.queenalice.com/game.php?id=777219"]
[Date "2010.5.18"]
[Round "-"]
[White "alainbouley"]
[Black "pimprenelle"]
[Result "0-1"]
[WhiteElo "2010"]
[BlackElo "2144"]

1. d4 d5 2. Nf3 Nc6 3. g3 Bf5 4. Bg2 Nf6 5. O-O e6 6. Nh4 Be4 7. Nf3 Nb4 8. Na3
c5 9. c3 Nc6 10. Nc2 Qb6 11. dxc5 Bxc5 12. b4 Be7 13. a4 O-O 14. Be3 Qc7 15.
Ncd4 Nxd4 16. Bxd4 Rfd8 17. Qd2 Ne8 18. Ne5 Bxg2 19. Kxg2 f6 20. Nd3 e5 21. Bc5
Bxc5 22. Nxc5 Qc6 23. Qa2 Kh8 24. Kg1 a5 25. Rac1 b6 26. Nd3 Nd6 27. b5 Qc4 28.
Qxc4 Nxc4 29. Rfd1 Rac8 30. e3 g5 31. Kf1 g4 32. Ke2 Kg7 33. Rh1 h5 34. h3 Kg6
35. hxg4 hxg4 36. Rh4 Kf5 37. Rch1 Nd6 38. Rh5+ Ke6 39. Rc1 Ne4 40. Nb2 Nxc3+
41. Kf1 Ne4 42. Rd1 Rc2 43. Nd3 Ra2 44. Rh4 Rxa4 45. Kg2 Kf5 46. f4 Ra2+ 47. Kg1
Nxg3 48. fxe5 fxe5 49. Nf2 Ne2+ 50. Kf1 g3 51. Nd3 Kg5 52. Rh7 Rf8+ 53. Kg2 Nc3+
54. Kxg3 Ne4+ 0-1

[Event "Challenge"]
[Site "http://www.queenalice.com/game.php?id=821172"]
[Date "2010.8.21"]
[Round "-"]
[White "amarkin"]
[Black "pimprenelle"]
[Result "1-0"]
[WhiteElo "2389"]
[BlackElo "2152"]

1. d4 d5 2. c4 Nc6 3. cxd5 Qxd5 4. Nf3 e5 5. Nc3 Bb4 6. dxe5 Qxd1+ 7. Kxd1 Nge7
8. e4 Bg4 9. Be3 Nxe5 10. Be2 N5c6 11. Kc2 O-O-O 12. Ng5 Bxe2 13. Nxe2 Ne5 14.
a3 Ba5 15. Rhd1 h6 16. Nf3 Nxf3 17. gxf3 Bb6 18. Bxb6 axb6 19. Rxd8+ Rxd8 20. f4
Nc6 21. Kc3 g5 22. fxg5 hxg5 23. Rg1 Re8 24. Rxg5 Rxe4 25. Ng3 Rh4 26. Rh5 Rxh5
27. Nxh5 Ne5 28. h3 Kd7 29. Nf4 c6 30. Kd4 Nf3+ 31. Ke4 Nd2+ 32. Kf5 Ke7 33. h4
Nc4 34. Nd3 Nd6+ 35. Kg5 Kf8 36. h5 Kg7 37. h6+ Kh7 38. Kf6 Kxh6 39. Ke7 Nb5 40.
Kd7 Nd4 41. Kc7 b5 42. Kxb7 c5 43. Kb6 c4 44. Nb4 1-0

[Event "Challenge #01"]
[Site "http://www.queenalice.com/game.php?id=825428"]
[Date "2010.8.30"]
[Round "-"]
[White "Aylton"]
[Black "pimprenelle"]
[Result "0-1"]
[WhiteElo "1950"]
[BlackElo "2157"]

1. d4 d5 2. Nf3 Nc6 3. e3 Bg4 4. h3 Bxf3 5. Qxf3 e6 6. a3 Nf6 7. c4 Be7 8. Nc3
Na5 9. cxd5 exd5 10. b4 Nb3 11. Rb1 Nxc1 12. Rxc1 a5 13. Rb1 axb4 14. axb4 Ra3
15. Nd1 c6 16. Qe2 Ne4 17. Qb2 Qa8 18. Be2 Ra2 19. Qc1 Bxb4+ 20. Rxb4 Qa5 21.
Qb1 Ra4 22. O-O Qxb4 23. Qxb4 Rxb4 24. Kh2 Ke7 25. f3 Nd2 26. Re1 Ra8 27. Kg3
Ra3 28. Kf2 Rb1 29. g4 Raa1 30. h4 b5 31. h5 h6 32. Rg1 b4 33. Ke1 Rxd1+ 0-1

[Event "Challenge #02"]
[Site "http://www.queenalice.com/game.php?id=825429"]
[Date "2010.8.30"]
[Round "-"]
[White "pimprenelle"]
[Black "Aylton"]
[Result "1-0"]
[WhiteElo "2150"]
[BlackElo "1977"]

1. d4 Nf6 2. Bg5 e6 3. Bxf6 Qxf6 4. e3 d5 5. c3 c5 6. Bd3 a6 7. Nf3 Nc6 8. O-O
cxd4 9. exd4 Bd7 10. Re1 O-O-O 11. Nbd2 h6 12. b4 Na7 13. a4 Kb8 14. Nb3 g5 15.
b5 axb5 16. axb5 Nxb5 17. Ne5 Be8 18. Bxb5 Bxb5 19. Ra5 Be8 20. Qa1 Kc7 21. Ra7
Rb8 22. Na5 Kc8 23. Nxb7 Rxb7 24. Ra8+ Rb8 25. Qa6+ Kc7 26. Ra7+ Kd8 27. Qa5+
1-0